La France et la question de Jérusalem, 3 avril 1949 - 7 juin 1967 (notice n° 1603514)

détails MARC
000 -LEADER
fixed length control field 02128cam a2200169 4500500
005 - DATE AND TIME OF LATEST TRANSACTION
control field 20251228092659.0
041 ## - LANGUAGE CODE
Language code of text/sound track or separate title fre
042 ## - AUTHENTICATION CODE
Authentication code dc
100 10 - MAIN ENTRY--PERSONAL NAME
Personal name Danino, Olivier
Relator term author
245 00 - TITLE STATEMENT
Title La France et la question de Jérusalem, 3 avril 1949 - 7 juin 1967
260 ## - PUBLICATION, DISTRIBUTION, ETC.
Date of publication, distribution, etc. 2005.<br/>
500 ## - GENERAL NOTE
General note 63
520 ## - SUMMARY, ETC.
Summary, etc. La France et la question de Jérusalem (3 avril 1949 - 7 juin 1967).La guerre qui embrase la Palestine en 1948 entraîne la division de Jérusalem entre Israéliens et Transjordaniens. Cette situation dure jusqu’à la guerre des Six Jours de 1967. Seul l’accord d’armistice signé entre les deux États en 1949 régit en droit le statut de la ville pendant toute cette période. Cherchant une solution définitive, l’ONU propose l’application des résolutions de l’Assemblée générale qui prônent l’internationalisation de Jérusalem. La France, qui possède des intérêts historiques et culturels dans la Ville sainte, soutiendra constamment par sa diplomatie cette position, qui s’essouffle au fil des années et ne connaît un renouveau qu’avec la réunification de la Ville sainte par Israël en 1967.
520 ## - SUMMARY, ETC.
Summary, etc. La France et la question de Jérusalem, 3 avril 1949 - 7 juin 1967The 1948 War in Palestine lead to the division of Jerusalem between Israelis and Transjordanians until the 1967 Six Days War. During this period, the city’s legal status was solely defined by the terms of the armistice signed between the two states in 1949. Willing to put an end to this situation, the UNO suggested that the General Assembly resolutions, extolling the internationalization of Jerusalem, be applied. France, which had historical and cultural interests in the Holy City, constantly focused its diplomacy on same goal. This French diplomatic position however declined progressively and was only adopted again on the reunification of the Holy City by Israel in 1967.
786 0# - DATA SOURCE ENTRY
Note Relations internationales | 122 | 2 | 2005-06-01 | p. 47-62 | 0335-2013
856 41 - ELECTRONIC LOCATION AND ACCESS
Uniform Resource Identifier <a href="https://shs.cairn.info/revue-relations-internationales-2005-2-page-47?lang=fr&redirect-ssocas=7080">https://shs.cairn.info/revue-relations-internationales-2005-2-page-47?lang=fr&redirect-ssocas=7080</a>

Pas d'exemplaire disponible.

PLUDOC

PLUDOC est la plateforme unique et centralisée de gestion des bibliothèques physiques et numériques de Guinée administré par le CEDUST. Elle est la plus grande base de données de ressources documentaires pour les Étudiants, Enseignants chercheurs et Chercheurs de Guinée.

Adresse

627 919 101/664 919 101

25 boulevard du commerce
Kaloum, Conakry, Guinée

Réseaux sociaux

Powered by Netsen Group @ 2025